Germany Multiple Choice - Statistics

General Stats
  • This quiz has been taken 825 times
  • The average score is 14 of 20
Answer Stats
Question Answer % Correct
What is the capital of Germany? Berlin
99%
Germany between 1919 and 1933 was named after the city of ... ? Weimar
93%
When did the Berlin Wall fall? 1989
91%
Which airline serves as Germany's flag carrier? Lufthansa
88%
What does the German phrase "Viel Glück" mean? good luck
85%
Which city was the first one to open a university? Heidelberg
85%
Which state is NOT a city-state? Brandenburg
79%
Which country does NOT border Germany? Liechtenstein
78%
What is the approximate population of Germany? 82 million
76%
Which fortress is located in Germany? Neuschwanstein Castle
75%
Other than German or its dialects, what's the most commonly spoken language? Turkish
73%
Who was NEVER chancellor of Germany? all of them were
70%
Germany is the only country in Europe that ... has no federally mandated speed limits
65%
What is the nickname of World Cup winner Franz Beckenbauer? der Kaiser (the Emperor)
61%
Hamburg is located on which river? Elbe
61%
Which country was never controlled by the Germans? Suriname
55%
What's the westernmost city in Germany? Aachen
50%
What's the correct order of the German flag? black - red - gold
45%
What city never hosted the Olympics? Hamburg
45%
What aren't you allowed to do on "quiet days" ? dancing
23%
No matching quizzes found
Score Distribution
Percent of People with Each Score
Percentile by Number Answered
Your Score History
You have not taken this quiz